[Event "Turnier 40 / 120"]
[Site "Wien"]
[Date "2021.05.24"]
[Round "19"]
[White "Pewatronic Masterchess SH7034 - 24 MHZ"]
[Black "Novag Star Diamond H8 - 25 MHZ"]
[Result "1/2-1/2"]
[BlackElo "2160"]
[WhiteElo "2150"]

{Analyse ----> Komodo 13.02.} 1. d4 d5 2. g3 Nf6 3. Nf3 {Buchende} g6
{Buchende / auch diese Eröffnung wurde im Match gegen Novag Diamond II
gespielt und endete mit einem Remis} 4. Bg2 {Buchbewertung Pewatronic 0,0}
Qd6 {Buchbewertung Novag Star Diamond: +0,15 / lt. Komodo steht Weiss etwas
besser mit ca. +0,50 / die Partie weicht bereits im 1. berechneten Zug ab
von jener gegen Novag Diamond II, der zog 4. Sc6} 5. Nbd2 Nc6 6. Nb3 Bg7 7.
Bf4 Qb4+ 8. c3 Qb6 9. O-O O-O 10. a4 a5 11. Ra3 h6 12. Re1 Re8 13. Nc5
{Weiss steht klar besser, Komodo +1,00} Qxb2??? {dieser Bauernraub ist
nicht empfehlenswert, deutlich besser ist der von Pewatronic Masterchess
vorgeschlagene Zug Da7, nach dem Textzug ist die Partie praktisch schon
verloren, Komodo -2,00} 14. Rb3 Qa2 15. e3 b6 16. Re2 Qxe2 17. Qxe2 bxc5
18. Bxc7 Ba6 19. Qc2 Rec8 20. Be5 cxd4 21. exd4 Ne4 22. Bxg7 Kxg7 23. Qb2
Rab8 24. Ne1 Bc4 25. Rxb8 Rxb8 26. Qc1 Nf6 27. h3 Bb3 {besser ist e6,
Komodo -2,30} 28. Qa3 Bc4 {besser ist noch e5, Komodo -3,00} 29. f4??? {ein
grottenschlechter Zug, der nahezu den gesamten Vorteil verspielt, Komodo
nur noch +0,50 für Weiss, nötig war Sc2 und Weiss gewinnt} Rb6?? {ebenfalls
ganz schwach, danach ist Weiss neuerlich klar im Vorteil, Komodo +1,70 mit
der Fortsetzung Kh2, nötig war Tb1} 30. Kf2? {diese Stellung überfordert
beide Geräte, die hier die besten Züge nicht finden können, hier beende ich
vorläufig die weitere Kommentierung nach dem Textzug ist wieder nahezu der
gesamte Vorteil dahin, Komodo nur noch +0,40 für Weiss mit der Fortsetzung
Tb3} e6 31. g4 Rb3 32. Qc5 Rb2+ 33. Kg1 Rb1 34. Kh2 {danach ist jeglicher
Vorteil dahin, Komodo 0,00, der König gehört nach f2} Rxe1 35. Qxc6 Ra1
{ein schlechter Zug, danach ist Weiss wieder klar im Vorteil, nötig war Te2
und alles ist im Lot, Komodo -1,50} 36. Qd6? {verspielt gleich wieder den
gesamten Vorteil, die Stellung ist wieder im Lot, nötig war Dc7} Ra2 37.
Kg3 g5 {ein Verlustzug, danach ist die Partie sofort verloren, Komodo -2,50
mit der Fortsetzung fxg5, nötig war Te2} 38. fxg5 hxg5 39. Qe5 Kg6 40. h4
gxh4+ 41. Kxh4 Nh7 42. Bh3??? {ein grottenschlechter Zug, der den gesamten
Vorteil verspielt, nötig war natürlich Lf3 mit ca. +2,20 für Weiss, um Te2
zu verhindern, die Stellung ist im Lot} Re2 {alternativlos} 43. Qh8 Nf6?
{ein schwacher Zug, der Weiss wieder in Vorteil, Komodo +1,00, nötig war f6
mit Ausgleich} 44. Qd8 Kg7? {ein schlechter Zug, deutlich mehr Widerstand
leistet Tf2, Komodo -2,20} 45. Qxa5 Ne4 46. Qc7 Re3 47. Qe5+ {ein
schlechter Zug, der den Vorteil von Weiss deutlich reduziert, nach Lg2
(+3,00) wäre die Partie praktisch schon gewonnen, Komodo +1,30} f6 48. Qc7+
Kg6 49. Bg2 Ng5 50. Qa5??? {verschenkt den Sieg, danach ist die Partie
Remis, Komodo 0,00, klaren Vorteil versprach Db8 mit ca. +1,00} Re2 51. Kg3
Re3+ 52. Kf2 Re2+ 53. Kg1 Re3??? {ein Verlustzug, danach ist die Partie
wieder verloren, Komodo -2,00 mit der Fortsetzung Db4, nach Te1+ ist die
Partie Remis} 54. Kh2?? {die Stellung ist undurchschaubar für beide Geräte,
verschenkt sofort wieder den Sieg, Komodo 0,00} Be2? {war zu erwarten,
verschenkt gleich wieder das Remis, nötig war Td3} 55. Qc7 Bc4 56. a5?
{verschenkt wieder den Sieg, danach ist die Partie wieder Remis, nötig war
Db7} Re2 57. Qc8 Rc2??? {ein Verlustzug, nötig war Td2 und es ist Remis,
nach dem Textzug ist die Partie sofort verloren, Komodo -3,00 mit der
Fortsetzung De8+} 58. a6??? {und weiter geht es mit gegenseitigen
Geschenken, verschenkt sofort wieder den Sieg, Komodo 0,00 mit der
Fortsetzung Lf1} Bf1 59. Qg8+ Kh6 60. Qf8+ Kg6 61. a7 Rxg2+ 62. Kh1 Ne4 63.
Qg8+ Kh6 64. g5+ Kh5 65. Qh7+ Kg4 66. Qxe4+ dxe4 67. a8=Q Kxg5 68. Qxe4 Re2
69. Qb1 Bg2+ 70. Kg1 {die Stellung ist im Lot, Komodo 0,00} Bf3 71. Kf1 f5
72. Qb6 f4 73. Qd8+ Kf5 74. Qd7 Kf6 75. Qc7 Kf5 76. c4 Ke4 77. Qe5+ Kd3 78.
Qxf4 Be4 79. Qg3+ Re3 80. Qc7 Rf3+ 81. Ke1 Re3+ 82. Kd1 Rh3 83. Kc1 Kc3 84.
Qa5+ Kxd4 85. Qa6 Rh1+ 86. Kd2 Rh2+ 87. Ke1 Rh1+ 88. Kf2 Rh2+ 89. Kg3 Rg2+
90. Kh3 Rg6 91. Kh4 Bd3 92. Kh5 Bf5 93. Qb5 Be4 94. Qb4 Ke5 95. Qb2+ Kf4
96. Qh2+ Kf5 97. Qf2+ Ke5 98. Kh4 Rg2 99. Qf8 Kd4 100. Qb4 Rc2 101. Qd6+
Kxc4 102. Qxe6+ {Userentscheid: Remis} 1/2-1/2
[/pgn]
[pgn]

[Event "Turnier 40 / 120"]
[Site "Wien"]
[Date "2022.12.01"]
[Round "20"]
[White "Novag Star Diamond H8 - 25 MHZ"]
[Black "Pewatronic Masterchess SH7034 - 24 MHZ"]
[Result "0-1"]
[BlackElo "2150"]
[WhiteElo "2160"]

{Analyse -----> Komodo 13.02.} 1. c4 Nf6 2. d4 e6 3. Nf3 b6 4. a3 d5 5.
cxd5 exd5 6. Nc3 Be7 7. g3 O-O 8. Bg2 {Buchende} Nbd7 {Buchende} 9. Ne5
{Buchbewertung Novag Star Diamond: +1,15 !} Bb7 {Buchbewertung Pewatronic
Masterchess: +0,3 / lt. Komodo steht Weiss etwas besser mit ca. +0,40} 10.
Qa4 Nxe5 11. dxe5 Ne8 12. O-O c5??? {ein Verlustzug, Pewatronic Masterchess
verwirft im letzten Augenblick den richtigen Zug c6, nach dem Textzug ist
die Partie bereits verloren, Komodo -2,10 mit der Fortsetzung Lxd5,
unglaublich kurzsichtig ist doch klar, dass nach Lxd5, Td1, der Läufer d5
hängt und dann mittels e4 attackiert wird, ein wahrer KATASTROPHENZUG !!!}
13. Rd1? {weit schwächer als Lxd5, Komodo +0,80} Nc7 14. Nxd5 Nxd5 15. Qc4
{besser ist e4, Komodo +0,60 für Weiss} b5 16. Qb3 Qa5 17. Bd2 Qa4 18. Bxd5
Bxd5 19. Qxd5 Rad8 20. Qf3 a6??? {ein Verlustzug, danach ist die Partie
sofort verloren, Komodo -2,50 mit der Fortsetzung b3, nötig war Dc2 mit nur
ca. +0,50 für Weiss} 21. e4??? {aber Novag Star Diamond macht es auch nicht
besser, verspielt einen Grossteil des Vorteiles, Komodo +0,70} Qc2 22. Bc3
Rxd1+ 23. Rxd1? {eindeutig die falsche Schlagoption, danach ist bereits
Schwarz im Vorteil, Komodo +1,00 mit der Fortsetzung b4, nach Dxd1 wäre
Weiss noch mit ca. +0,80 im Vorteil gewesen (der Textzug ist also ca. 1,80
Bauerneinheiten schlechter)} b4 24. axb4 cxb4 25. Bd4 Rd8 26. Rd3 Bc5??
{völlig falsch, verspielt den gesamten Vorteil, Komodo 0,00 mit der
Fortsetzung e6, nötig war h5 mit ca. +1,20 für Schwarz, Pewatronic bewertet
es aber wenigstens korrekt, er erwartet hier e6 mit einer Bewertung von 0,0
damit hat er ja recht} 27. Qe3?? {aber Novag Star Diamond kommt nicht auf
e6, ein Verlustzug, danach ist die Partie praktisch verloren, Komodo -2,00
mit der Fortsetzung Dc4} a5? {hier hat Pewatronic Masterchess grosses Pech,
denn er verwirft im letzten Moment den Gewinnzug Dc4 nach 10 Minuten noch
zu gunsten des Textzuges, beide Züge bewertet er mit kleinem Nachteil mit
-0,2, da er ja nur eine Kommastelle hat gleiche Bewertung, die Differenz
ist somit eine Hunderstel-Entscheidung in der 2. Nachkommastelle, das ist
wirklich Pech, nach dem Textzug bleibt Schwarz noch etwas im Vorteil mit
ca. +0,80} 28. Rd2 Qc1+ 29. Kg2 h6??? {ein grottenschlechter Zug, der
jeglichen Vorteil verspielt, nötig war natürlich der Vortstoss a4, der wird
natürlich nachfolgend mit b3 nachhaltig verhindert und jeglicher schwarzer
Angriff ist dahin, die Stellung ist wieder im Lot, Komodo 0,00} 30. b3
{alternativlos} Kh7 31. Re2 Qxe3 32. Bxe3 Bxe3 33. Rxe3 g5 34. Kf1 Rd4 35.
h3 h5 36. g4 Kg7 {die Stellung ist im Lot, Komodo 0,00} 37. Ke2 h4 38. f3
Rd8 39. Rd3 Rc8 40. Rd7 Kf8 41. Kd2 Rc6 42. Rd6 Rc3 43. Rd3 Rc6 44. Rd5 Rc3
45. Ke2 Ke7 46. Rxa5 Ke6 47. Ra8 Kxe5 48. Ra5+ Kf6 49. Rf5+ Kg6 50. Rd5
Rxb3 51. Rd6+ Kg7 52. e5 Rb2+ 53. Ke3 Rb1 54. Rb6 Re1+ 55. Kd4 Rb1 56. Ke4
Rb3 57. Rb8 Kh6 58. Rd8 Kh7 59. Rd7 Kg6 60. Rd6+ Kg7 61. Rb6 Kh7 62. Rb7
Kg6 63. Rb5 Kh6 64. Rd5 Kg6 65. Rd1 Rc3 66. Rd6+ Kg7 67. Rd8 b3 68. Rb8 Kh7
69. Rb6 Kg7 70. Rb5 Kh6 71. Rb4 Kg7 72. Rb6 Kf8 73. Rb7 Ke8 74. Rb5??? {ist
ja nicht zu glauben, dieser Zug verliert die Partie, Komodo -3,00 mit der
Fortsetzung Kd7, Remis halten verschiedene Züge, z.B. Kf5} Kd7 75. Rb7+
Kc6! {der richtige Zug, allerdings erkennt Pewatronic Materchess keinerlei
Vorteil, Bewertung 0,0} 76. Rb8 Kc5 {richtig, Komodo +5,00} 77. f4 gxf4 78.
Kxf4 Rxh3 79. g5 Rc3 80. e6 fxe6 81. g6 Rg3 82. g7 Rxg7 83. Rxb3 Rh7!
{richtig, Komodo +8,00} 84. Rh3 Kd5 85. Kg5 Rg7+??? {gewinnt natürlich
auch, besser ist aber natürlich e5, Komodo +7,00} 86. Kxh4? {Novag Star
Diamond: -1,07, hier fehlt es ihm eindeutig an Rechentiefe, er erkennt hier
im 10. HZ noch keinen klaren Verlust, schon komisch, Pewatronic Masterchess
bewertet bereits im 7. HZ nach 1 Sekunde Bedenkzeit mit +6,5, nötig war
natürlich Kf6 / Komodo Matt in 18} Rh7+ 87. Kg3 Rxh3+ 88. Kxh3 {Novag Star
Diamond: -7,34 -----> aufgegeben !} 0-1
[/pgn]
[pgn]

[Event "Turnier 40 / 120"]
[Site "Wien"]
[Date "2022.12.02"]
[Round "21"]
[White "Pewatronic Masterchess SH7034 - 24 MHZ"]
[Black "Novag Star Diamond H8 - 25 MHZ"]
[Result "1-0"]
[BlackElo "2160"]
[WhiteElo "2150"]

{Analyse -----> Komodo 13.02.} 1. c4 e5 2. Nc3 Nc6 3. Nf3 Nf6 4. e3 Be7 5.
d4 exd4 6. Nxd4 O-O 7. Nxc6 bxc6 8. Be2 d5 9. O-O {Buchende} Bd6 {Buchende}
10. b3 {Buchbewertung Pewatronic Masterchess: +0,3} Bf5 {Buchbewertung
Novag Star Diamond: +0,26 / lt. Komodo ist die Stellung etwa gleich} 11.
Bb2 Qe7 12. Qd4 Rfd8 13. Rfd1 Be5 14. Qh4 Qe6 15. Na4 Bxb2 16. Nxb2 Ne4 17.
Rac1 g5 18. Qh5 Qf6 19. Na4 Bg6 20. Qf3 Qe5 21. cxd5 cxd5 22. Bd3 {Weiss
steht etwas besser, Komodo +0,90} Rab8 23. Qe2 Rb4 {ein schwacher Zug,
danach ist Weiss bereits klar im Vorteil, Komodo +1,60 mit der Fortsetzung
Dc2, deutlich besser ist Sf6} 24. Qc2 Bh5 25. Re1 Rd7 26. Qc6 {deutlich
besser ist Lxe4, Komodo +1,00} Nf6 27. Qa8+? {ein ganz schwacher Zug,
danach ist jeglicher Vorteil dahin, Komodo 0,00, nötig war h3 oder g3} Kg7
28. Nc5 Re7 29. h3??? {ein Verlustzug, danach ist die Partie bereits
verloren, Komodo -1,50 mit der Fortsetzung Th4, nötig war g3 mit Ausgleich}
h6??? {aber Novag Star Diamond beantwortet diesen Verlustzug mit einem noch
schlechteren Zug, der um ganze 3 Bauerneinheiten !! schlechter ist als Th4
und den Spiess sogar wieder umkehrt, Komodo +1,50 für Weiss} 30. Na6?
{beide Geräte haben grosse Probleme mit dieser zugegeben sehr komplizierten
Stellung, ein schlechter Zug, da gibt es mehrere deutlich bessere Züge,
z.B. Lf1, Lb1 oder Dxa7, nach dem Textzug ist Weiss noch knapp im Vorteil
mit ca. +0,60} Rb6 31. Qxa7 Qd6 32. Nc5 Nd7??? {ein Verlustzug, danach ist
die Partie sofort verloren, Komodo -2,50 mit der Fortsetzung Sa4, nötig war
g4 und Schwarz erhält einiges an Gegenspiel mit nur ca. -0,80} 33. Na4! Rc6
34. Qd4+ Nf6?? {ein grottenschlechter Zug, der den Nachteil von Schwarz
nahezu verdoppelt, danach ist alles vorbei, Komodo -4,00, deutlich mehr
Widerstand leistet De5} 35. Nc5 Rb6 36. a4 Rb8 37. b4 Rg8 38. Ra1 Rge8 39.
Ra2 Re5 40. Rea1 Kg8 41. a5 g4 42. Nb7??? {ein grottenschlechter Zug, um
ganze 4 Bauerneinheiten !!! schlechter als a6, Komodo +3,00} Qe7 43. hxg4
Nxg4 44. Bb5??? {ein Katastrophenzug, der bereits den Sieg verschenkt,
danach ist die Stellung bereits im Lot, Komodo 0,00 mit der Fortsetzung
Te4, nötig war a6} Qh4? {Novag Star Diamond verpasst leider den Ausgleich,
nach dem Textzug steht Weiss neuerlich klar besser, Komodo +1,50} 45. Qf4
Re4 46. Qxc7?? {verschenkt neuerlich den Sieg, danach ist die Stellung
wieder im Lot, nötig war Dg3, Komodo 0,00} R8e5??? {das ist natürlich der
absolute Katastrophenzug, der die gesamte Partie aus der Sicht von Novag
Star Diamond endgültig ruiniert, ermöglicht Weiss natürlich mit Dd8+, die
Dame abzutauschen und damit den gesamten schwarzen Angriff zu nichte zu
machen, danach ist die Partie sofort hoffnungslos verloren, Komodo -8,00
!!, nötig war natürlich T8e7, um diesen Damentausch zu verhindern.} 47.
Qd8+ {alternativlos, und damit ist alles aus} Qxd8 48. Nxd8 Rxb4 49. a6 d4
50. Nc6 Rexb5 51. Nxb4 Rb8 52. a7 Ra8 {Novag Star Diamond: -7,23 ---->
aufgegeben !} 1-0
[/pgn]
[pgn]

[Event "Turnier 40 / 120"]
[Site "Wien"]
[Date "2022.12.03"]
[Round "22"]
[White "Novag Star Diamond H8 - 25 MHZ"]
[Black "Pewatronic Masterchess SH7034 - 24 MHZ"]
[Result "0-1"]
[BlackElo "2150"]
[WhiteElo "2160"]

{Analyse ----> Komodo 13.02.} 1. d4 d5 2. c4 e6 3. Nc3 Nf6 4. Bg5 Be7 5. e3
O-O 6. Nf3 h6 7. Bh4 b6 8. cxd5 Nxd5 9. Bxe7 Qxe7 10. Nxd5 exd5 11. Rc1 Be6
12. Bd3 c5 13. dxc5 {Buchende} bxc5 14. O-O {Buchbewertung Novag Star
Diamond: +0,53} Nd7 {Buchende} 15. Qa4 Rfb8 {Buchbewertung Pewatronic
Masterchess: -0,1 / lt. Komodo ist die Stellung etwa gleich} 16. Bb5 a6 17.
Bc6 Ra7 18. Bxd7 Bxd7 19. Qc2 Rc7 20. Rfd1 Be6 21. Qc3 Qd6 {die Stellung
ist im Lot, Komodo 0,00} 22. e4 {weniger gut, deutlich besser ist Sd4,
Komodo +0,70 für Schwarz} d4 23. e5? {ein ganz schlechter Zug, danach ist
Schwarz bereits klar im Vorteil, Komodo +1,60, deutlich besser ist b3} Qd8
{besser ist Dd5, Komodo +1,00} 24. Qa3 Bg4? {ein schwacher Zug, danach ist
Schwarz nur noch knapp im Vorteil mit ca. +0,30, deutlich besser ist Tb5}
25. Rc2 {ebenfalls schwach, danach ist Schwarz wieder mit ca. +1,00 im
Vorteil, nötig war Txc5} Qe7 26. Re1 Rd8 27. Nd2 Bf5 28. Rcc1 Rc6 29. Nc4
{die Stellung hat sich fast wieder eingependelt, Schwarz steht nur noch
unwesentlich besser mit ca. +0,40} d3 30. Qa5 Rd4 31. Qd2 Bg4 32. Re3 Be2
33. Rxe2? {das ist natürlich völliger Unsinn, warum die Qualität für nur
einen Bauern hergeben ?, Komodo -1,50, weit besser ist Sd6 mit ca. -0,50}
dxe2 34. Qxe2 Rg6 {klar schwächer als f6, Komodo +1,00} 35. g3 Re6 36. f4
Qd7 37. Qc2 {deutlich schwächer als b3, Komodo -2,00} Qd5 38. Qg2 Rd1+ 39.
Rxd1 Qxd1+ 40. Qf1 Qd4+ 41. Kg2 Re7 42. b3 Rd7 43. Qf3 Rd5 44. h3 Kf8 45.
h4 Qd1 46. Qf2 Rd4 47. Qf3 g6 48. h5 gxh5 49. f5 {Novag Star Diamond sieht
diese Stellung noch nahezu ausgeglichen, unglaublich Berwertung -0,23 /
Komodo -8,00} Qxf3+ {Pewatronic Masterchess: +1,2} 50. Kxf3 h4 51. gxh4
Rxh4 52. Kg3 Rd4 53. Na5 Re4 54. Nc4 h5 55. f6 Kg8 56. Kf3 Re1 57. Kf2 Ra1
58. a3 Kh7 59. Kf3 Kg6 60. Ke4 Rb1 61. Nd2 Rb2 62. Nc4 Rxb3 {Rest
geschenkt} 0-1
[/pgn]
[pgn]

[Event "Turnier 40/120"]
[Site "Wien"]
[Date "2021.05.06"]
[Round "23"]
[White "Pewatronic Masterchess SH7034 - 24 MHZ"]
[Black "Novag Star Diamond H8 - 25 MHZ"]
[Result "0-1"]
[BlackElo "2160"]
[WhiteElo "2150"]

{Analyse ----> Komodo 13.02.} 1. d4 Nf6 2. Nf3 d5 3. Bf4 {Buchende} c5 4.
dxc5 {Buchbewertung Pewatronic Masterchess: 0,0} e6 5. b4 a5 6. c3 axb4 7.
cxb4 b6 8. Bxb8 {obwohl Novag Star Diamond diesen Zug noch im Buch hat ist
es ein ganz schlechter Zug, danach steht Schwarz bereits klar besser,
Komodo +1,30} Rxb8 {Buchende} 9. Nd4? {ein ganz schlechter Zug, deutlich
besser ist e3, nach dem Textzug ist die Partie praktisch schon verloren,
Komodo -1,60} Qd7 {Buchbewertung Novag Star Diamond: +1,23 / auch diese
Eröffnung wurde im Match gegen Novag Diamond II gespielt, damals verlor
Pewatronic liefert hier damals eine seiner schlechtesten Partien und war
hier völlig chancenlos} 10. Qc2 {ein schlechter Zug !, viel besser ist hier
noch Sb3 !} Ne4 11. e3 bxc5 12. bxc5 Bxc5 {Diamond II +1,61} 13. Bd3
{Pewatronic beurteilt diese Stellung ganz falsch nur -0,20. (Komodo -2,00)}
Bxd4 {Novag Star +2,34, ein ganz schlechter Zug, der den Vorteil von
Schwarz deutlich reduziert, Komodo +0,80} 14. exd4 {Pewatronic -0,10} Qa7
15. O-O Qxd4 16. Na3 {besser ist hier Sd2} O-O 17. Bxe4? {ein schlechter
Zug, deutlich besser ist Sb5, Komodo -1,20} Qxe4 18. Qxe4 dxe4 19. Rfc1 Ba6
20. Rc6 Bb7 {hier weicht die Partie ab von jener gegen Novag Diamond II,
der spielte hier 20. Ld3} 21. Rc2 {klar schwächer als T6c1, Komodo -1,60}
Bd5 22. Rac1 Ra8 23. Nc4 f5 24. Ne5 Rxa2 25. Rxa2 Bxa2 26. Rc7 Rb8 27. Kf1
h6 28. Ke2 f4 29. Ng6 {die Stellung ist bereits klar verloren für Weiss,
Komodo -2,00} Rb2+ 30. Kf1 e3 31. f3??? {ein Katastrophenzug, danach ist
endgültig alles aus, Komodo -4,50, deutlich mehr Wiederstand leistet noch
fxe3 mit ca. -2,00} Bb1 32. Ne5 Bc2 33. Rc8+ Kh7 34. Rd8 Ba4 35. Rd4 Bb5+
36. Nd3 Rd2 {Rest geschenkt} 0-1
[/pgn]
[pgn]

[Event "Tunrier 40 / 120"]
[Site "Wien"]
[Date "2022.12.06"]
[Round "24"]
[White "Novag Star Diamond H8 - 25 MHZ"]
[Black "Pewatronic Masterchess SH7034 - 24 MHZ"]
[Result "1/2-1/2"]
[BlackElo "2150"]
[WhiteElo "2160"]

{Analyse ----> Komodo 13.02.} 1. b3 e5 2. Bb2 Nc6 3. e3 Nf6 {Buchende} 4.
Nf3 e4 {Buchbewertung Pewatronic Masterchess: +0,1} 5. Nd4 Nxd4 6. Bxd4
{Buchende} d5 7. Nc3? {Buchbewertung Novag Star Diamond: +0,19 / gleich der
1. berechnete Zug ist alles andere als optimal, verstellt natürlich den
C-Bauern, deutlich besser ist natürlich 7.c4 danach wäre Weiss leicht im
Vorteil gewesen mit ca. +0,40, nach dem Textzug ist es umgekehrt und
Schwarz ist etwa mit +0,40 im Vorteil, also um ca. 0,8 Bauerneinheiten
schlechter} Be7 8. d3? {ein ganz schlechter Zug, danach ist Schwarz bereits
klar im Vorteil, Komodo +1,30 mit der Fortsetzung c5, nötig war f3 mit
geringem Vorteil für Schwarz} exd3? {aber Pewatronic Masterchess kann kein
Kapital daraus schlagen, der Textzug verschenkt jeglichen Vorteil, die
Stellung ist im Lot} 9. Bxd3 c5 10. Be5 O-O 11. O-O Ng4 12. Bg3 Bf6 13. Qe1
Bh4 14. Bxh4 Qxh4 15. h3 Ne5 16. Be2 Rd8 17. f4 Qxe1 18. Rfxe1 Nc6 19. Rad1
Nb4? {ein schwacher Zug, deutlich besser ist Le6, Komodo +1,00 für Weiss}
20. Bf3 Bf5 {immer noch war Le6 vorzuziehen, Komodo -1,30} 21. Nxd5 Bxc2
22. Rd2 Nxd5? {besser ist noch f5, nach dem Textzug ist die Partie
praktisch schon verloren, Komodo -1,70} 23. Bxd5? {leider die falsche
Schlagoption, verspielt einen Grossteil des Vorteiles, Komodo +0,70} Be4
24. Red1 Rxd5 25. Rxd5 Bxd5 26. Rxd5 b6 27. Kf2 a5 {etwas besser ist Kf8,
Weiss steht natürlich aufgrund der aktiveren Turmstellung klar besser,
Komodo +1,10} 28. Rd7 {nicht ideal, besser ist a4, Komodo +0,80} Kf8 29.
Rb7 Rd8 30. Rxb6 Rd2+ 31. Kg3 Rxa2 32. Kf3? {ein schwacher Zug, danach ist
die Stellung im Lot, deutlich besser ist Tb5 mit ca. +0,80 für Weiss} a4
33. bxa4 Rxa4 34. Rc6 Rc4 35. Rc8+ Ke7 36. g4 h6 37. Ke2 Rc3 38. Kd2 Rc4
39. Rg8 Kf6 40. h4 Ra4 41. Rc8 Rc4 42. Rc7 g6 43. h5 g5 44. Rc6+ Ke7 {die
Stellung ist im Lot, Komodo 0,00} 45. Kd3 Ra4 46. Rc7+ Ke6 47. fxg5 hxg5
48. e4 Ra3+ 49. Kc4 Ra4+ 50. Kd3 Ra3+ 51. Kd2 Rg3 52. Rc6+ Kd7 53. Rxc5
Rxg4 54. Rb5 f6 55. h6 Rh4 56. Rb7+ Kc6 57. Rh7 Kc5 58. Ke2 Rxe4+ {sieht
eigentlich gut aus für Schwarz mit den 2 geschlossenen Freibauern, lt.
Komodo ist es aber Remis 0,00} 59. Kf3 Rh4 60. Rh8 Kb6 61. Ke3 f5 62. Kf2
Rh3 63. Kf1 f4 64. h7 Kb7 65. Kg2 Rh4 66. Kf3 Ka7 67. Ke4 Rh3 68. Kf5 f3
69. Kxg5 f2 70. Rf8 f1=R 71. h8=Q Rxh8 72. Rxf1 1/2-1/2
[/pgn]
[pgn]